An introduction to art, craft, technique, science & profession of interior design (Record no. 7871)

000 -LEADER
fixed length control field 00446nam a22001577a 4500
003 - CONTROL NUMBER IDENTIFIER
control field OSt
005 - DATE AND TIME OF LATEST TRANSACTION
control field 20200527135225.0
008 - FIXED-LENGTH DATA ELEMENTS--GENERAL INFORMATION
fixed length control field 200527b ||||| |||| 00| 0 eng d
020 ## - INTERNATIONAL STANDARD BOOK NUMBER
International Standard Book Number 9788178131863
082 ## - DEWEY DECIMAL CLASSIFICATION NUMBER
Classification number 598
Item number KAS
100 ## - MAIN ENTRY--PERSONAL NAME
Personal name Kasu, Ahmed Abdullah
245 ## - TITLE STATEMENT
Title An introduction to art, craft, technique, science & profession of interior design
250 ## - EDITION STATEMENT
Edition statement 7th revised edition
260 ## - PUBLICATION, DISTRIBUTION, ETC. (IMPRINT)
Place of publication, distribution, etc Mumbai
Name of publisher, distributor, etc Ashish Book Centre
Date of publication, distribution, etc 1992
942 ## - ADDED ENTRY ELEMENTS (KOHA)
Source of classification or shelving scheme
Holdings
Withdrawn status Lost status Source of classification or shelving scheme Damaged status Koha normalized classification for sorting Not for loan Permanent location Current location Date acquired Full call number Barcode Date last seen Price effective from Koha item type
        598_000000000000000_KAS   BMS College of Architecture, Design and Planning BMS College of Architecture, Design and Planning 2020-05-27 598 KAS AR-PG335 2020-05-27 2020-05-27 PG Books
Copyright © 2025, The Librarian, Library and Information Centre, BMSCA D&P, Bengaluru. All Rights Reserved
web counter

Powered by Koha